Ways of Seeing  (Record no. 954372)

MARC details
000 -LEADER
fixed length control field 00450nam a22001937a 4500
003 - CONTROL NUMBER IDENTIFIER
control field OSt
005 - DATE AND TIME OF LATEST TRANSACTION
control field 20231208162808.0
008 - FIXED-LENGTH DATA ELEMENTS--GENERAL INFORMATION
fixed length control field 231208b |||||||| |||| 00| 0 eng d
020 ## - INTERNATIONAL STANDARD BOOK NUMBER
International Standard Book Number 978-0-141-03579-6
040 ## - CATALOGING SOURCE
Transcribing agency no
041 ## - LANGUAGE CODE
Language code of text/sound track or separate title English
082 ## - DEWEY DECIMAL CLASSIFICATION NUMBER
Classification number 759.94
100 ## - MAIN ENTRY--PERSONAL NAME
Personal name Berger John
245 ## - TITLE STATEMENT
Title Ways of Seeing 
260 ## - PUBLICATION, DISTRIBUTION, ETC.
Place of publication, distribution, etc. England
Name of publisher, distributor, etc. Penguin Book Ltd
Date of publication, distribution, etc. 2008
300 ## - PHYSICAL DESCRIPTION
Extent 166PB,7x5cm
650 ## - SUBJECT ADDED ENTRY--TOPICAL TERM
Source of heading or term Art Technique
942 ## - ADDED ENTRY ELEMENTS (KOHA)
Source of classification or shelving scheme Dewey Decimal Classification
Koha item type Book
Suppress in OPAC No
Holdings
Withdrawn status Lost status Source of classification or shelving scheme Damaged status Not for loan Home library Current library Date acquired Source of acquisition Cost, normal purchase price Total Checkouts Full call number Barcode Date last seen Date last checked out Copy number Price effective from Koha item type
    Dewey Decimal Classification     School of Photography, Pune School of Photography, Pune 24/11/2023 Bharati Madh.Saha. Grahak Bhandar Ltd. Pune-411030 424.15 3 759.94 SPP-518 02/06/2025 19/04/2025 1 24/11/2023 Book